Normal view
MARC view
- الحج -الاسلام
Entry Topical Term
001 - CONTROL NUMBER
- control field: 48679
003 - CONTROL NUMBER IDENTIFIER
- control field: JO-AjAnu
005 - DATE AND TIME OF LATEST TRANSACTION
- control field: 20230606082027.0
008 - FIXED-LENGTH DATA ELEMENTS
- fixed length control field: 230606|| aca||aabn | a|a d
040 ## - CATALOGING SOURCE
- Original cataloging agency: JO-AjAnu
- Transcribing agency: JO-AjAnu
150 ## - HEADING--TOPICAL TERM
- Topical term or geographic name entry element: الحج -الاسلام
670 ## - SOURCE DATA FOUND
- Source citation: Work cat.: (JO-AjAnu)24902: تاليف أبن ظهيرة الشافعي المكي، فخر الدين أبي بكر بن علي بن محمد 889-1384 هجري؛ دراسة وتحقيق ياسر سلامة أبو طعمة, author 48678, غنية الفقير في خكم حج الأجير